| 000 | 00394nam a2200157Ia 4500 | ||
|---|---|---|---|
| 008 | 231217s9999 xx 000 0 und d | ||
| 041 | _aEnglish | ||
| 082 | _a621.38173 NAR;1 R | ||
| 100 | _aNarayan, C P. | ||
| 245 | 0 | _aVLSI design : VIIth semester (E and C) VTU | |
| 250 | _a1st ed. | ||
| 260 |
_c2002 _bTechnical _aPune |
||
| 300 | _aviii, 236 | ||
| 650 | _aVIIth,(E,C) | ||
| 942 | _cAA | ||
| 999 |
_c191271 _d191271 |
||